| 000 | 00562nam a22002177a 4500 | ||
|---|---|---|---|
| 999 |
_c9585 _d9585 |
||
| 001 | 9585 | ||
| 003 | BD-JhCC | ||
| 005 | 20180319195734.0 | ||
| 008 | 180319s1978 ii ||||| |||| 00| 0 eng d | ||
| 035 | _a(BD-JhCC) 9585 | ||
| 040 |
_aBD-JhCC _dBD-JhCC |
||
| 041 | _aeng | ||
| 082 |
_a9281 _bNAR 1978 |
||
| 100 | _aNarayan, B K | ||
| 245 |
_aGeneral J N Chaudhuri an Autobiography / _cB K Narayan, |
||
| 260 |
_aIndia : _bVikas pubilcation House Pvt Ltd _c1978 |
||
| 300 |
_a207 p : _c22 cm |
||
| 650 | _aAUTOBIOGRAPHY | ||
| 942 |
_2ddc _cBK |
||